Guess That Conan Gray Song!!! - Statistics

General Stats
  • This quiz has been taken 33 times
  • The average score is 251 of 298
Answer Stats
Lyrics % Correct
I
100%
I,
100%
you
100%
you,
100%
you)
100%
a
95%
and
95%
And
95%
me
95%
me,
95%
the
95%
to
95%
be
90%
But
90%
for
90%
(for
90%
for?
90%
heaven
90%
heaven)
90%
In
90%
in
90%
it
90%
it)
90%
Like
90%
like
90%
on
90%
So
90%
too
90%
want
90%
Why
90%
am
85%
As
85%
as
85%
at
85%
black
85%
can't
85%
cats,
85%
clovers
85%
clovers,
85%
don't
85%
from
85%
is
85%
much
85%
(Much
85%
my
85%
My
85%
numbers
85%
Oh,
85%
that
85%
That
85%
wish
85%
wishbones
85%
Wishbones,
85%
(Wishbones,
85%
you're
85%
You're
85%
11:11
80%
accept
80%
act
80%
'Cause
80%
cracks
80%
forget
80%
if
80%
It's
80%
it's
80%
just
80%
know
80%
late
80%
night
80%
over
80%
pavement
80%
salt
80%
shoulder
80%
star
80%
still
80%
There's
80%
us
80%
wait
80%
we
80%
ask
75%
come
75%
connection
75%
first
75%
I'd
75%
I'll
75%
our
75%
save
75%
spilling
75%
we're
75%
what
75%
won't
75%
you'd
75%
back?
70%
blink,
70%
broke
70%
deny
70%
ended
70%
exist
70%
fucked
70%
girl
70%
glass,
70%
horoscopes
70%
kissed
70%
look
70%
maybe
70%
mind,
70%
mind
70%
missed
70%
reading
70%
seeing
70%
Shapes
70%
shit's
70%
Shooting
70%
sign,
70%
some
70%
those
70%
up
70%
wearing
70%
you'll
70%
better
65%
dangerous
65%
forever
65%
Heard
65%
invent
65%
New
65%
Nikes
65%
nothing
65%
stars
65%
superstitious
65%
thought
65%
time
65%
well
65%
white
65%
York
65%
Pretending
60%
something
60%
find
55%
lies
55%
say
55%
signs
55%
regret
20%
No matching quizzes found
Score Distribution
Percent of People with Each Score
Percentile by Number Answered
Your Score History
You have not taken this quiz